Sterilizing capital inflows

Salvato in:
Dettagli Bibliografici
Autore principale: Lee, Jang-Yung
Natura: Libro
Lingua:inglese
Pubblicazione: Washington International Monetary Fund 1997
Edizione:1. ed.
Serie:Economic issues 7
Soggetti:
Tags: Aggiungi Tag
Nessun Tag, puoi essere il primo ad aggiungerne!!

MARC

LEADER 00000nam a2200000 4500
001 c021110
005 20221214072043.1
020 |a 1-55775-632-5 
041 0 |a eng 
044 |a US 
245 1 0 |a Sterilizing capital inflows  |c Jang-Yung Lee 
250 |a 1. ed. 
264 1 |a Washington  |b International Monetary Fund  |c 1997 
300 |a 16 s. 
490 1 |a Economic issues  |v 7 
830 0 |a Economic issues  |v 7 
610 2 0 |a dovoz kapitálu 
610 2 0 |a trh kapitálový medzinárodný 
610 2 0 |a hospodárstvo otvorené 
610 2 0 |a swap 
610 2 0 |a valuty 
610 2 0 |a devízy 
100 1 |a Lee, Jang-Yung